000 00776nam a22002177a 4500
003 BDDh-ASL
005 20231015031253.0
008 230320s2017 b ||||| |||| 00| 0 b d
040 _cBDDh-ASL
041 _abengali
082 _a909.09
_bSIK
100 1 _aসিদ্দিকী, মাহবুব
_95234
245 1 0 _aকোন আমটি কখন খাবেন /
246 _aKon Amti Kokhon Khaben.
260 _aঢাকা:
_bআগামী প্রকাশনী,
_c২০১৭।
300 _a৭৬ পৃষ্ঠা:
_bছবি;
_c২২ সে.মি.
650 0 _aHistory (ইতিহাস)
_94586
650 0 _aGeneral History (সাধারণ ইতিহাস)
_97588
650 0 _aMango (আম)
_97589
942 _2ddc
_cBK
999 _c31425
_d31425